Statistics for Top Food Plants

Click here to take the quiz!

General Stats

  • This quiz has been taken 286 times
  • The average score is 10 of 20

Answer Stats

#ProductionCrop% Correct
2766,357,997Corn
87%
5347,338,646Potatoes
87%
4667,940,341Wheat
84%
10138,387,993Tomatoes
79%
3699,533,077Rice
78%
1770,332,460Apple
76%
1671,424,684Orange
68%
1377,995,522Banana
67%
1867,943,069Onion
57%
9152,827,262Barley
47%
1476,049,979Cabbage
45%
1576,007,044Grapes
37%
11,534,820,044Sugar cane
36%
6282,640,255Beets
29%
12110,895,155Watermelon
29%
2060,984,627Coconut
26%
11136,146,218Sweet Potatoes
26%
8244,162,989Soybeans
24%
7249,494,272Cassava
15%
1962,264,363Sorghum
9%

Score Distribution

Percentile by Number Answered

Percent of People with Each Score

Your Score History

You have not taken this quiz